Picture Wall: US Presidents #1 - Statistics

General Stats
  • This quiz has been taken 961 times
  • The average score is 14 of 20
Answers on the Map
Answers color-coded by a green-red scale on the quiz's map according to % correct below.
 
Answer Stats
Answer % Correct
Abraham Lincoln
89%
Barack Obama
85%
Joe Biden
83%
Bill Clinton
81%
John F. Kennedy
80%
George W. Bush
79%
George Washington
78%
Richard Nixon
73%
Ronald Reagan
72%
Jimmy Carter
69%
Thomas Jefferson
65%
Dwight D. Eisenhower
63%
Ulysses S. Grant
63%
Gerald R. Ford
62%
Lyndon B. Johnson
61%
Franklin D. Roosevelt
60%
Martin Van Buren
60%
Harry Truman
59%
Herbert Hoover
55%
Woodrow Wilson
53%
No matching quizzes found
Score Distribution
Percent of People with Each Score
Percentile by Number Answered
Your Score History
You have not taken this quiz